[Event "Bergen Sommer op-A"]
[Site "Bergen"]
[Date "2008.08.07"]
[Round "5"]
[White "Faerevaag, Evy"]
[Black "Krokay, Urszula"]
[Result "0-1"]
[WhiteElo "1395"]
[BlackElo "2018"]
[PlyCount "42"]
[EventDate "2008.08.03"]
[EventType "swiss"]
[EventRounds "6"]
[EventCountry "NOR"]
[SourceTitle "EXT 2010"]
[Source "ChessBase"]
[SourceDate "2010.11.25"]
[SourceVersion "1"]
[SourceVersionDate "2010.11.25"]
[SourceQuality "1"]

1. d4 d5 2. e3 Nf6 3. Bd3 Nc6 4. c3 e5 5. dxe5 Nxe5 6. Bc2 Bd6 7. Ne2 0-0 8. 0-0 Nfg4 9. f4 Nc4 10. Rf3 Re8 11. Qxd5 Ngxe3 12. Bxe3 Nxe3 13. Qd2 Nxc2 14. Qxc2 Bc5+ 15. Nd4 Bxd4+ 16. cxd4 Re1+ 17. Rf1 Qxd4+ 18. Qf2 Rxf1+ 19. Kxf1 Qc4+ 20. Kg1 Qc1+ 21. Qf1 Qxb2 0-1

[Event "Bergen Hordaland op"]
[Site "Bergen"]
[Date "2008.04.06"]
[Round "5"]
[White "Nilsen, Joachim Birger"]
[Black "Faerevaag, Evy"]
[Result "1-0"]
[WhiteElo "727"]
[BlackElo "1426"]
[PlyCount "53"]
[EventDate "2008.04.04"]
[EventType "swiss"]
[EventRounds "5"]
[EventCountry "NOR"]
[SourceTitle "EXT 2010"]
[Source "ChessBase"]
[SourceDate "2010.11.25"]
[SourceVersion "1"]
[SourceVersionDate "2010.11.25"]
[SourceQuality "1"]

1. e4 c6 2. d4 d5 3. e5 c5 4. Bb5+ Nc6 5. Nf3 Bg4 6. dxc5 e6 7. h3 Bxf3 8. Qxf3 Bxc5 9. Qg3 g6 10. Qc3 Qb6 11. Bxc6+ bxc6 12. 0-0 Ne7 13. Qb3 Qxb3 14. axb3 Kd7 15. Bg5 Bd4 16. Bf6 Rhg8 17. c3 Bb6 18. Rd1 Rgb8 19. c4 Bc7 20. Ra3 Rb6 21. Nc3 Rab8 22. Na4 Rb4 23. Nc5+ Kd8 24. Rxa7 R4b6 25. Bxe7+ Kxe7 26. Rxc7+ Ke8 27. Nd7 1-0

[Event "Bergen Hordaland op"]
[Site "Bergen"]
[Date "2008.04.04"]
[Round "1"]
[White "Jansen, Andreas"]
[Black "Faerevaag, Evy"]
[Result "0-1"]
[WhiteElo "1096"]
[BlackElo "1426"]
[PlyCount "116"]
[EventDate "2008.04.04"]
[EventType "swiss"]
[EventRounds "5"]
[EventCountry "NOR"]
[SourceTitle "EXT 2010"]
[Source "ChessBase"]
[SourceDate "2010.11.25"]
[SourceVersion "1"]
[SourceVersionDate "2010.11.25"]
[SourceQuality "1"]

1. d4 d5 2. c4 c6 3. Nf3 e6 4. g3 dxc4 5. Bg2 Nf6 6. 0-0 Bd6 7. Qc2 b5 8. Rd1 0-0 9. Ne5 Qc7 10. Bf4 Nd5 11. Qe4 Bb7 12. Nc3 Re8 13. e3 a6 14. Ne2 f6 15. Nf3 e5 16. dxe5 fxe5 17. Bg5 Nd7 18. Qg4 N7f6 19. Bxf6 Nxf6 20. Qf5 Bc8 21. Qc2 Bg4 22. Ng5 Rad8 23. h3 Bh5 24. g4 Bg6 25. Ne4 Kh8 26. g5 Nxe4 27. Bxe4 Bxe4 28. Qxe4 Qd7 29. Kh2 Rf8 30. f4 exf4 31. exf4 Rde8 32. Qf3 Qc7 33. Rf1 Re7 34. Kg2 Ref7 35. h4 Bxf4 36. Nxf4 Rxf4 37. Qe2 Qf7 38. Rxf4 Qxf4 39. Rf1 Qd6 40. Rd1 Qf4 41. Rf1 Qxf1+ 42. Qxf1 Rxf1 43. Kxf1 Kg8 44. Ke2 Kf7 45. Kd2 Ke6 46. Kc3 a5 47. b3 cxb3 48. axb3 g6 49. Kd2 c5 50. Ke2 a4 51. bxa4 bxa4 52. Kd2 Kd5 53. Kc3 c4 54. Kb2 Kd4 55. Kc2 a3 56. Kb1 Kc3 57. Ka2 Kd2 58. Ka1 c3 0-1

[Event "Bergen Sommer op"]
[Site "Bergen"]
[Date "2006.08.11"]
[Round "6"]
[White "Johansen, Kristian R"]
[Black "Faerevaag, Evy"]
[Result "1-0"]
[WhiteElo "1521"]
[BlackElo "1216"]
[PlyCount "87"]
[EventDate "2006.08.06"]
[EventType "swiss"]
[EventRounds "6"]
[EventCountry "NOR"]
[SourceTitle "EXT 2007"]
[Source "ChessBase"]
[SourceDate "2006.11.23"]
[SourceVersion "1"]
[SourceVersionDate "2006.11.23"]
[SourceQuality "1"]

1. d4 d5 2. c4 e6 3. Nc3 c6 4. e3 Bd6 5. Bd3 f5 6. Nge2 Nf6 7. f3 0-0 8. Qc2 a6 9. Bd2 b6 10. 0-0 Qe8 11. e4 fxe4 12. fxe4 e5 13. dxe5 Qxe5 14. Bf4 Bc5+ 15. Kh1 Qh5 16. Bg3 Nbd7 17. Nf4 Qf7 18. exd5 Ne5 19. Rae1 Neg4 20. Nd1 Bb4 21. Nc3 Bc5 22. Qd2 Bd7 23. h3 Nh6 24. Ne6 Bxe6 25. dxe6 Qe7 26. Bh4 Rad8 27. Qc2 Rd6 28. Bxh7+ Kh8 29. Bf5 Nxf5 30. Qxf5 Rdd8 31. Ne4 Nxe4 32. Qxe4 Rxf1+ 33. Rxf1 Qe8 34. Bxd8 Qxd8 35. Qxc6 Qd3 36. Qe8+ Kh7 37. Qh5+ Kg8 38. Qf7+ Kh7 39. Qf5+ Qxf5 40. Rxf5 Kg6 41. g4 Be7 42. Kg2 Bd8 43. Kf3 Be7 44. Ke4 1-0

[Event "Bergen Sommer op"]
[Site "Bergen"]
[Date "2006.08.08"]
[Round "3"]
[White "Faerevaag, Evy"]
[Black "Notkevich, Benjamin Arvola"]
[Result "0-1"]
[WhiteElo "1216"]
[BlackElo "1545"]
[PlyCount "72"]
[EventDate "2006.08.06"]
[EventType "swiss"]
[EventRounds "6"]
[EventCountry "NOR"]
[SourceTitle "EXT 2007"]
[Source "ChessBase"]
[SourceDate "2006.11.23"]
[SourceVersion "1"]
[SourceVersionDate "2006.11.23"]
[SourceQuality "1"]

1. d4 Nf6 2. e3 d5 3. Bd3 c5 4. c3 Nc6 5. f4 Bg4 6. Nf3 e6 7. 0-0 Be7 8. Qe1 0-0 9. Ne5 Bf5 10. Be2 Ne4 11. Nd2 f6 12. Nxe4 Bxe4 13. Nd3 a5 14. Nxc5 Bxc5 15. dxc5 a4 16. Bd1 Qa5 17. Bg4 f5 18. Be2 Qxc5 19. Qg3 Rf6 20. Bh5 Rh6 21. Qg5 e5 22. fxe5 Nxe5 23. Rxf5 Bxf5 24. Qxf5 Qd6 25. Bd2 Rf8 26. Qg5 Nc4 27. Be1 Nxe3 28. Qxe3 Rxh5 29. Bg3 Qh6 30. Qd4 Rhf5 31. Rd1 Qf6 32. Qd3 Qb6+ 33. Kh1 Qxb2 34. h3 Qxa2 35. Qb5 Qb3 36. Qd3 Qxd1+ 0-1

[Event "NOR-ch U20"]
[Site "Bergen"]
[Date "2005.09.09"]
[Round "1"]
[White "Omtvedt, Aleksander"]
[Black "Faerevaag, Evy"]
[Result "1-0"]
[WhiteElo "1508"]
[BlackElo "757"]
[PlyCount "43"]
[EventDate "2005.09.09"]
[EventType "swiss"]
[EventRounds "6"]
[EventCountry "NOR"]
[SourceTitle "EXT 2006"]
[Source "ChessBase"]
[SourceDate "2005.11.24"]
[SourceVersion "1"]
[SourceVersionDate "2005.11.24"]
[SourceQuality "1"]

1. d4 Nf6 2. f4 d5 3. Nf3 e6 4. e3 c5 5. c3 Nc6 6. Bd3 c4 7. Bc2 a6 8. 0-0 Be7 9. Nbd2 0-0 10. e4 dxe4 11. Nxe4 Qc7 12. Qe2 b5 13. Ne5 Bb7 14. Rf3 Rad8 15. Rh3 g6 16. Ng5 Kg7 17. Qf2 b4 18. Qh4 h5 19. Nxg6 Rg8 20. Ne5 Kf8 21. Nexf7 Rd7 22. Nxe6+ 1-0

[Event "Bergen Sommer op-B"]
[Site "Bergen"]
[Date "2005.07.31"]
[Round "1"]
[White "Suntharalingam, Jathavan"]
[Black "Faerevaag, Evy"]
[Result "0-1"]
[WhiteElo "1100"]
[BlackElo "757"]
[PlyCount "148"]
[EventDate "2005.07.31"]
[EventType "swiss"]
[EventRounds "6"]
[EventCountry "NOR"]
[SourceTitle "EXT 2006"]
[Source "ChessBase"]
[SourceDate "2005.11.24"]
[SourceVersion "1"]
[SourceVersionDate "2005.11.24"]
[SourceQuality "1"]

1. e4 e5 2. Nf3 Nc6 3. Bc4 Bc5 4. d3 d6 5. h3 Nf6 6. Nc3 Bd7 7. Be3 Nd4 8. Bxd4 exd4 9. Ne2 Bb4+ 10. c3 dxc3 11. bxc3 Ba5 12. Qb3 0-0 13. 0-0 Qc8 14. Kh2 c6 15. Rac1 Bc7 16. Ng3 b5 17. Bxf7+ Rxf7 18. Ng5 Qe8 19. Nxf7 Qxf7 20. Qxf7+ Kxf7 21. c4 a6 22. Ne2 d5+ 23. Ng3 dxe4 24. dxe4 Nxe4 25. Rcd1 Nf6 26. cxb5 axb5 27. Rd2 Be6 28. Rc2 Bd5 29. Rfc1 Ne4 30. h4 c5 31. Rd1 Ke6 32. Rb2 Bd6 33. Rxb5 Nc3 34. Re1+ Kd7 35. Rb2 Nxa2 36. Rd2 Bb3 37. Rb1 c4 38. Kh1 c3 39. Rxb3 cxd2 40. Rd3 Kc6 41. Rxd2 Bxg3 42. fxg3 Nb4 43. Rf2 Ra7 44. h5 Nd3 45. Rc2+ Kd5 46. Rd2 Kd4 47. g4 Ke3 48. Rc2 Nf2+ 49. Kh2 Ra1 50. Kg3 Ne4+ 51. Kh2 Nf2 52. Kg3 Ne4+ 53. Kh2 Ra7 54. Rc6 Nf6 55. Kg3 Ra3 56. h6 Ke4+ 57. Kh4 Ra8 58. hxg7 Ke5 59. Rc7 Rg8 60. Rf7 Ke6 61. Ra7 Nd7 62. g5 Rxg7 63. Kh5 Nf6+ 64. gxf6 Rxa7 65. Kg5 Rf7 66. g4 Rxf6 67. Kh5 Rf2 68. g5 Kf5 69. Kh6 Rg2 70. Kxh7 Rxg5 71. Kh6 Kf6 72. Kh7 Rg4 73. Kh8 Kf7 74. Kh7 Rh4# 0-1